000 00342nam a2200133Ia 4500
005 20251222143236.0
008 251222s9999||||xx |||||||||||||| ||spa||
020 _a978-9972-664-39-7
082 _a658.562/N86
100 _aNovack Talavera, Fabián
245 0 _aInfraestructura Nacional de la Calidad:
264 _bIndecopi
942 _cLIB
999 _c14380
_d14380